00282nam a22001097a 4500082001700000100001900017245003800036260004200074300001100116526003700127650000800164 a491.593bROO aRooks-Kepple,G aManual of PashtucG, Rooks-Kepple aLondonbLandi Kotal khyber Passc1901 a310p,: a0b0c0d491_593000000000000_ROO aMCE